SIMPSON'S CONTEMPORARY QUOTATIONS / (Record no. 615551)

000 -LEADER
fixed length control field 00365nam a22001337a 4500
020 ## - INTERNATIONAL STANDARD BOOK NUMBER
Qualifying information HB.
040 ## - CATALOGING SOURCE
Transcribing agency FIZZA ISHAQ
082 ## - DEWEY DECIMAL CLASSIFICATION NUMBER
Author Mark JAM
Classification number 818.02
100 ## - MAIN ENTRY--PERSONAL NAME
Personal name SIMPSON,B JAMES.
9 (RLIN) 132311
245 ## - TITLE STATEMENT
Title SIMPSON'S CONTEMPORARY QUOTATIONS /
Statement of responsibility, etc. JAMES,B SIMPSON.
260 ## - PUBLICATION, DISTRIBUTION, ETC.
Place of publication, distribution, etc. NEW YORK;
Name of publisher, distributor, etc. HOUGHTON MIFFLIN COMPANY,
Date of publication, distribution, etc. 1988.
300 ## - PHYSICAL DESCRIPTION
Extent 495 P. ;
Dimensions 10.1X6.9IN
942 ## - ADDED ENTRY ELEMENTS (KOHA)
Source of classification or shelving scheme
Koha item type Book

No items available.

© 2023 Central Library, National University of Sciences and Technology. All Rights Reserved.